| 000 | 00743nam a22002417a 4500 | ||
|---|---|---|---|
| 003 | OSt | ||
| 005 | 20220107122818.0 | ||
| 008 | 160714b xxu||||| |||| 00| 0 eng d | ||
| 020 | _a9788131507629 | ||
| 040 | _cIIITMK | ||
| 082 | _a005.133C FOR/C; 1 | ||
| 100 |
_aForouzan, Behrouz A. _910094 |
||
| 245 |
_aComputer science: _bA structured programming approach using C _cBehrouz A. Forouzan and Richard F. Gilberg |
||
| 250 | _a3 | ||
| 260 |
_aNew Delhi, _bCengage Learning India, _c2008. |
||
| 300 | _axxvii, 1156p. | ||
| 500 | _aGifted by Dr. Rajasree M S | ||
| 650 |
_aCOMPUTER SCIENCE _910095 |
||
| 650 |
_aCOMPUTER PROGRAMMING _910096 |
||
| 650 |
_aC PROGRAMMING _910097 |
||
| 700 |
_aGilberg, Richard F. _910098 |
||
| 942 |
_2ddc _cBK |
||
| 999 |
_c5288 _d5288 |
||